| 000 | 00861nam a22002777a 4500 | ||
|---|---|---|---|
| 001 | 200461517 | ||
| 003 | TR-AnTOB | ||
| 005 | 20241119104552.0 | ||
| 008 | 240703b tu ||||| |||| 00| 0 tur d | ||
| 020 | _a9789752421646 | ||
| 040 |
_aTR-AnTOB _beng _erda _cTR-AnTOB |
||
| 041 | _atur | ||
| 092 |
_a608.2 _bTUR 2018 |
||
| 100 | 1 |
_aTurner, Matt _9146106 |
|
| 245 |
_aİnanılmaz buluşlar: _bhaydi, iletişim kuralım ilk yazılı sözcükten internete.../ _cMatt Turner ; çeviri : Çiğdem Yayvan Purkiss |
||
| 250 | _a1.bs. | ||
| 260 |
_aİstanbul : _bTeleskop Popüler Bilim ; _c2018. |
||
| 300 |
_a32 Pages. : _bill. ; _c25 cm. |
||
| 336 |
_atext _btxt _2rdacontent |
||
| 337 |
_aunmediated _bn _2rdamedia |
||
| 338 |
_avolume _bnc _2rdacarrier |
||
| 653 | _abuluşlar | ||
| 942 |
_2ddc _cBK |
||
| 999 |
_c200461517 _d79729 |
||